Nanokatalyzátory pre štiepenie biomasy bakalárske práce

Salvato in:
Dettagli Bibliografici
Autore principale: Záchenská, Patrícia
Natura: Libro
Lingua:slovacco
Pubblicazione: Bratislava STU FCHPT 2014
Accesso online:Visualizza in OPAC
Tags: Aggiungi Tag
Nessun Tag, puoi essere il primo ad aggiungerne!!

MARC

LEADER 00000nam a2200000 a 4500
005 20260127133925.0
008 141009 2014 000 0 slo d
035 |a vtls010626928 
039 9 |y 201410090923  |z mschk03 
040 |a STUSCHK1  |b slo  |c STUSCHK1  |e AACR2 
100 1 |a Záchenská, Patrícia 
245 1 |a Nanokatalyzátory pre štiepenie biomasy  |b bakalárske práce  |c Patrícia Záchenská 
260 |a Bratislava  |b STU FCHPT  |c 2014 
300 |a 39 s.  |i l.  |c 30 cm 
500 |a Obhájené: 14.7.2014 
500 |a Štud. program: chémia, medicínska chémia a chemické materiály 
500 |a Štud. odbor: chémia, chemické technológie 
500 |a Školiace pracovisko: Odd. organickej technológie 
500 |a Evid. číslo: FCHPT-13569-42931 
910 |a SCHK95 
999 |c 155  |d 155